Návrh opatrení na zefektívnenie systému Kanban v podniku Vaillant Industrial Slovakia s.r.o.

Na minha lista:
Detalhes bibliográficos
Autor principal: Brlej, Tomáš (Author)
Outros Autores: Mĺkva, Miroslava (Thesis advisor)
Formato: Manuscrito Livro
Idioma:eslovaco
Publicado em: 2017
Assuntos:
Acesso em linha:http://is.stuba.sk/zp/portal_zp.pl?podrobnosti=115092
Tags: Adicionar Tag
Sem tags, seja o primeiro a adicionar uma tag!

MARC

LEADER 00000ntm a22000003a 4500
001 stuzp62109
003 SK-STU
005 20170701210455.4
007 ta
008 150427s2015----xo-----f-mn---000-0-slo-d
040 |a STU  |b slo 
041 0 |a slo 
100 1 |a Brlej, Tomáš  |u 064000  |4 aut  |U MTF Materiálovotechnologická fakulta  |T MTF Ústav priemyselného inžinierstva a manažmentu  |X 73435  |U M4000  |Y 84  |7 73435 
242 0 1 |a Actions proposal to improve the Kanban system in Vaillant Industrial Slovakia s. r.o.  |y eng 
245 1 0 |a Návrh opatrení na zefektívnenie systému Kanban v podniku Vaillant Industrial Slovakia s.r.o. 
260 |c 2017 
650 4 |a 5S  |2 slo 
650 4 |a POKA YOKE  |2 slo 
650 4 |a Kaizen  |2 slo 
650 4 |a Andon  |2 slo 
650 4 |a Kanban  |2 slo 
650 4 |a Just in Time  |2 slo 
650 4 |a Just in Time  |2 eng 
650 4 |a 5S  |2 eng 
650 4 |a Kaizen  |2 eng 
650 4 |a Kanban  |2 eng 
650 4 |a POKA YOKE  |2 eng 
650 4 |a Andon  |2 eng 
700 1 |a Mĺkva, Miroslava  |u 064000  |k Z1  |4 ths  |U MTF Materiálovotechnologická fakulta  |T MTF Ústav priemyselného inžinierstva a manažmentu  |X 4176  |U M4000  |Y 84  |7 A000004176 
856 4 |u http://is.stuba.sk/zp/portal_zp.pl?podrobnosti=115092 
996 |c M* BP-7900  |l MMSKP  |s P  |a 0  |w stuzp62109_0001